Globálne dopady finančnej a hospodárskej krízy na sektor výrobcov automobilov diplomová práca

Na minha lista:
Detalhes bibliográficos
Autor principal: Hara, Juraj
Autor Corporativo: Obchodná fakulta EU. Katedra medzinárodného obchodu
Outros Autores: Zábojník, Stanislav, 1984-
Formato: Livro
Idioma:eslovaco
Publicado em: Bratislava 2011
Tags: Adicionar Tag
Sem tags, seja o primeiro a adicionar uma tag!

MARC

LEADER 00000nam a2200000 4500
001 0147576
005 20240318124720.8
041 0 |a slo 
044 |a SK 
245 1 0 |a Globálne dopady finančnej a hospodárskej krízy na sektor výrobcov automobilov  |b diplomová práca  |c Juraj Hara ; školiteľ: Stanislav Zábojník 
264 1 |a Bratislava  |c 2011 
300 |a 66 s. 
100 1 |a Hara, Juraj 
700 1 |a Zábojník, Stanislav, 1984- 
710 2 |a Obchodná fakulta EU. Katedra medzinárodného obchodu